J K Soonavala Supreme Court Criminal Digest/ (Record no. 200862)

MARC details
000 -LEADER
fixed length control field 00699nam a22001937a 4500
005 - DATE AND TIME OF LATEST TRANSACTION
control field 20240216144934.0
010 ## - LCCN (DPL NO)
LC control number ENG-139332 ENG-139333 ENG-139334 EN-139335
020 ## - INTERNATIONAL STANDARD BOOK NUMBER
Terms of availability 9995.00 (set of 4)
International Standard Book Number 9789391211400
035 ## - SYSTEM CONTROL NUMBER
System control number EN-122864 EN-122865 EN-122866 EN-122867
037 ## - SOURCE OF ACQUISITION
Source of stock number/acquisition DBAD/PUB
082 ## - DEWEY DECIMAL CLASSIFICATION NUMBER
Classification number 340
100 ## - MAIN ENTRY--PERSONAL NAME
Personal name Single,M L
245 ## - TITLE STATEMENT
Title J K Soonavala Supreme Court Criminal Digest/
Statement of responsibility, etc By M L Single
250 ## - EDITION STATEMENT
Edition statement 7
260 ## - PUBLICATION, DISTRIBUTION, ETC. (IMPRINT)
Place of publication, distribution, etc Haryana
Name of publisher, distributor, etc LexisNexis
Date of publication, distribution, etc 2022
270 ## - ADDRESS
Address 14 floor,Building no.10, Tower-B,DLF Cyber City ,Phase-II
City Gurgaon
Postal code 122002
Telephone number 911244774444
Fax number 911244774100
300 ## - PHYSICAL DESCRIPTION
Extent 7265p.
Dimensions 25cm(hb)
942 ## - ADDED ENTRY ELEMENTS (KOHA)
Source of classification or shelving scheme Dewey Decimal Classification
Item type English Books
Call number suffix SIN
Classification part 340

No items available.


© Delhi Public Library
Hit Counter
free hit counter